París, capital del siglo XIX /

El artículo propone revisitar algunos de los temas fundamentales en el pensamiento de Walter Benjamin desde la articulación de tres ejes: la experiencia moderna, la ciudad y la tecnología. Ejes que apuntan hacia una reflexión estética vinculada a la constitución del espacio urbano del París del sigl...

Celý popis

Uloženo v:
Podrobná bibliografie
Hlavní autor: Tomás Ucedo, José María
Médium: Text
Témata:
Tagy: Přidat tag
Žádné tagy, Buďte první, kdo vytvoří štítek k tomuto záznamu!

MARC

LEADER 00000 a a2200000 04500
001 14442
003
040
100 |a Tomás Ucedo, José María  
245 |a París, capital del siglo XIX /  |c José María Tomás Ucedo 
520 |a El artículo propone revisitar algunos de los temas fundamentales en el pensamiento de Walter Benjamin desde la articulación de tres ejes: la experiencia moderna, la ciudad y la tecnología. Ejes que apuntan hacia una reflexión estética vinculada a la constitución del espacio urbano del París del siglo XIX  
650 |a FILOSOFIA  
650 |a ARQUITECTURA  
650 |a ESTETICA  
650 |a URBANISMO  
773 |g número 100 (II); páginas 87-94  
999 |c 36630  |d 36630 
773 0 |0 18728  |9 3037  |a Universidad de Costa Rica  |d San José, Costa Rica Editorial UCR 1956-  |o 17128  |t Revista de Ciencias Sociales/  |x 04825276